000 00427nam a22001697a 4500
003 MPLRDC
005 20220104143608.0
008 210129b ||||| |||| 00| 0 eng d
082 _a563.755 LHS
100 _a罗海生
245 _a100个车险索偿妙方
_c
260 _a
_b城市风企业
_c
300 _b
490 _a城市风保险丛书系列. 1
650 _a保险--汽车保险
942 _cBK
_o563.755 LHS
999 _c41452
_d41442